<?xml version="1.0" encoding="UTF-8"?>
<collection xmlns="http://www.loc.gov/MARC21/slim">
 <record>
  <leader>00446pamaa2200169   4500</leader>
  <controlfield tag="001">0000040785</controlfield>
  <controlfield tag="005">20130724090000.0</controlfield>
  <datafield tag="020" ind1="0" ind2="0">
   <subfield code="a">0702026182 (pbk) </subfield>
  </datafield>
  <datafield tag="090" ind1="0" ind2="0">
   <subfield code="a">RS160 </subfield>
   <subfield code="b">EVA 2002</subfield>
  </datafield>
  <datafield tag="100" ind1="1" ind2="0">
   <subfield code="a">EVANS </subfield>
  </datafield>
  <datafield tag="245" ind1="1" ind2="0">
   <subfield code="a">Trease and Evans Pharmacognosy  </subfield>
   <subfield code="c">William Charles Evans.</subfield>
  </datafield>
  <datafield tag="250" ind1="0" ind2="0">
   <subfield code="a">15th ed.</subfield>
  </datafield>
  <datafield tag="260" ind1="0" ind2="0">
   <subfield code="a">Edinburgh, London: </subfield>
   <subfield code="b">Saunders, </subfield>
   <subfield code="c">2002.</subfield>
  </datafield>
  <datafield tag="300" ind1=" " ind2=" ">
   <subfield code="a">iiiv, 585p.; </subfield>
   <subfield code="c">30cm.</subfield>
  </datafield>
  <datafield tag="501" ind1="0" ind2="0">
   <subfield code="a">DOP</subfield>
  </datafield>
  <datafield tag="650" ind1="0" ind2="0">
   <subfield code="a">Pharmacognosy </subfield>
  </datafield>
  <datafield tag="700" ind1="1" ind2="1">
   <subfield code="a">Aulton, </subfield>
   <subfield code="h">Michael E </subfield>
  </datafield>
 </record>
</collection>
